Southville International School and Colleges
Your cart is empty.
  • Cart
  • Lists
    Public lists Eva Luna New books Lux_list list_1
    Your lists Log in to create your own lists
  • Log in to your account
  • Your cookies
  • Search history
Southville International School and Colleges
  • Advanced search
  • Recent comments
  • Most popular
  • Libraries

Log in to your account

Log in with GOOGLE


If you do not have an external account, but do have a local account, you can still log in:

  1. Home
  2. MARC view: Problems in international relations /
Normal view MARC view ISBD view

Problems in international relations / (Record no. 9006)

[ view plain ]
MARC details
000 -LEADER
fixed length control field 00750cam a22002651 4500
001 - CONTROL NUMBER
control field 15204129
003 - CONTROL NUMBER IDENTIFIER
control field OSt
005 - DATE AND TIME OF LATEST TRANSACTION
control field 20140310182052.0
008 - FIXED-LENGTH DATA ELEMENTS--GENERAL INFORMATION
fixed length control field 080304s1970 njuab 000 0beng
010 ## - LIBRARY OF CONGRESS CONTROL NUMBER
LC control number 78104176
040 ## - CATALOGING SOURCE
Original cataloging agency DLC
Transcribing agency DLC
Modifying agency DLC
050 00 - LIBRARY OF CONGRESS CALL NUMBER
Classification number D 843
Item number .P962 1970
082 ## - DEWEY DECIMAL CLASSIFICATION NUMBER
Classification number HS 327.1
Item number P94 1970
245 10 - TITLE STATEMENT
Title Problems in international relations /
250 ## - EDITION STATEMENT
Edition statement 3d ed.
260 ## - PUBLICATION, DISTRIBUTION, ETC. (IMPRINT)
Place of publication, distribution, etc Englewood Cliffs, N. J. :
Name of publisher, distributor, etc Prentice-Hall,
Date of publication, distribution, etc c1970.
300 ## - PHYSICAL DESCRIPTION
Extent 366 p. :
Dimensions 23 cm.
650 #0 - SUBJECT ADDED ENTRY--TOPICAL TERM
Topical term or geographic name as entry element World politics
Chronological subdivision 1945-1955.
9 (RLIN) 12114
700 1# - ADDED ENTRY--PERSONAL NAME
Personal name Gibbs, Hubert S.,
Relator term joint ed.
9 (RLIN) 12115
906 ## - LOCAL DATA ELEMENT F, LDF (RLIN)
a 7
b ibc
c premver
d 3
e ncip
f 19
g y-gencatlg
942 ## - ADDED ENTRY ELEMENTS (KOHA)
Source of classification or shelving scheme Library of Congress Classification
Koha item type
Holdings
Withdrawn status Lost status Source of classification or shelving scheme Damaged status Home library Current library Shelving location Date acquired Total Checkouts Full call number Barcode Date last seen Copy number Price effective from Koha item type
    Library of Congress Classification   Luxembourg Library Luxembourg Library High School Section 08/22/2013   D 843 .P962 1970 0661 06/16/2015 1 08/22/2013 Books

Problems in international relations /

APA

Gibbs H. S., . (1970). Problems in international relations. Englewood Cliffs, N. J: Prentice-Hall.

Chicago

Gibbs Hubert S, . 1970. Problems in international relations. Englewood Cliffs, N. J: Prentice-Hall.

Harvard

Gibbs H. S., . (1970). Problems in international relations. Englewood Cliffs, N. J: Prentice-Hall.

MLA

Gibbs Hubert S, . Problems in international relations. Englewood Cliffs, N. J: Prentice-Hall. 1970.

  • Place hold
  • Print
  • Cite
  • Add to your cart (remove)
  • Save record
    BIBTEX Dublin Core MARCXML MARC (non-Unicode/MARC-8) MARC (Unicode/UTF-8) MARC (Unicode/UTF-8, Standard) MODS (XML) RIS
  • More searches
    Search for this title in:
    Other Libraries (WorldCat) Other Databases (Google Scholar) Online Stores (Bookfinder.com) Open Library (openlibrary.org)

Exporting to Dublin Core...

SOUTHVILLE LIBRARY

Southville International School and Colleges Library

1281 Tropical Ave. Cor. Luxembourg St., BF Homes International, Las Pinas City

Tel. No. 8256374 / 252358 Loc. 117/146

Powered by Koha